| Tag |
First Indicator |
Second Indicator |
Subfields |
| LEADER |
00000cam a2200000 a 4500 |
| 001 |
in00000005644 |
| 005 |
20150929180019.0 |
| 008 |
990913s1999 oruab b f000 0 eng d |
| 035 |
|
|
|a (OCoLC)42360147
|
| 035 |
|
|
|9 AJK6369AM
|
| 040 |
|
|
|d GPO
|d DLC
|d MvI
|d UtOrBLW
|
| 043 |
|
|
|a n-us-or
|
| 049 |
|
|
|a UDOC
|
| 074 |
|
|
|a 0624-B
|
| 086 |
0 |
|
|a I 19.42/4:99-4107
|
| 100 |
1 |
|
|a Bonn, Bernadine A.
|
| 245 |
1 |
0 |
|a Selected elements and organic chemicals in bed sediment and fish tissue of the Tualatin River basin, Oregon, 1992-96 /
|c by Bernadine A. Bonn ; prepared in cooperation with The Unified Sewerage Agency of Washington County, Oregon.
|
| 264 |
|
1 |
|a Portland, Or. :
|b U.S. Dept. of the Interior, U.S. Geological Survey ;
|c 1999.
|
| 264 |
|
2 |
|a Denver, CO :
|b Information Services [distributor],
|
| 300 |
|
|
|a 61 pages :
|b illustrations, map ;
|c 28 cm.
|
| 336 |
|
|
|a text
|b txt
|2 rdacontent
|
| 337 |
|
|
|a unmediated
|b n
|2 rdamedia
|
| 338 |
|
|
|a volume
|b nc
|2 rdacarrier
|
| 490 |
1 |
|
|a Water-resources investigations report ;
|v 99-4107
|
| 500 |
|
|
|a Caption title.
|
| 500 |
|
|
|a Shipping list number: 99-0353-P.
|
| 504 |
|
|
|a Includes bibliographical references (pages 31-32).
|
| 650 |
|
0 |
|a Water
|x Pollution
|z Oregon
|z Tualatin River Watershed.
|
| 650 |
|
0 |
|a Water quality bioassay
|z Oregon
|z Tualatin River Watershed.
|
| 650 |
|
0 |
|a River sediments
|z Oregon
|z Tualatin River Watershed.
|
| 710 |
1 |
|
|a Washington County (Or.).
|b Unified Sewerage Agency.
|
| 710 |
2 |
|
|a Geological Survey (U.S.)
|
| 830 |
|
0 |
|a Water-resources investigations report ;
|v 99-4107.
|
| 999 |
|
|
|a MARS
|
| 999 |
f |
f |
|s 7c810b29-5a12-35df-a612-35db74b85685
|i eaafe7c1-7923-3980-9993-568cf6f0be29
|t 0
|
| 952 |
f |
f |
|p normal
|a Texas A&M University
|b College Station
|c Sterling C. Evans Library
|d Evans: US Documents (Annex 5th floor)
|t 0
|e I 19.42/4:99-4107
|h Superintendent of Documents classification
|i unmediated -- volume
|m A14824289974
|
| 998 |
f |
f |
|a I 19.42/4:99-4107
|t 0
|l Evans: US Documents (Annex 5th floor)
|